00469cam a22001692 4500001001100000005001700011008004100028020001700069040001500086245007200101250001300173260002900186300001200215650003300227700003600260852000300296000002427520151217155914.0130624s xx 000 0 eng d a9966011579 : aKABUcKABU10aMwavyaji wa roho na hadithi nyingine /cSanja Leonard Leo (Mhariri) a1st ed. aNairobi :bFocus,c2011. a183 p. 0aSwahili fiction.@00001842631 aLeo, Sanja Leonard.@00001842651